A carregar...
Principles of engineering metrology /
| Autor principal: | |
|---|---|
| Idioma: | Undetermined |
| Publicado em: |
Mumbai :
Jaico Publishing House ,
2008.
|
| Assuntos: |
| LEADER | 00564nam a2200169Ia 4500 | ||
|---|---|---|---|
| 001 | 158957 | ||
| 008 | 170722s9999 xx 000 0 und d | ||
| 020 | |a 9788179924170 | ||
| 100 | |a Rajendra, Rega | ||
| 245 | |a Principles of engineering metrology / | ||
| 260 | |a Mumbai : |b Jaico Publishing House , |c 2008. | ||
| 300 | |a vii+595 | ||
| 653 | |a Engineering Metrology | ||
| 923 | |d 20081003 |n 5160 | ||
| 942 | |c GEN | ||
| 999 | |c 137784 |d 137784 | ||
| 952 | |0 0 |1 0 |4 0 |6 DE_P8 |7 0 |9 194713 |a LIB |b LIB |d 2013-03-25 |e Ajith Book Stall |l 1 |o De P8 |p 268902 |r 2018-12-26 |s 2018-11-28 |v 495.00 |w 2017-08-12 |y GEN | ||